Entre Noé, Santa Elena y Manco Capac : la temporalidad y espacios de Anello Oliva /

Detalles Bibliográficos
Autor principal: Espinosa, Carlos
Formato: Libro
Lenguaje:inglés

MARC

LEADER 00000cam a2200000 a 4500
001 000141
003 UAHC_CL
005 20170803115620.0
008 030925b xx j 000 1 eng
040 |a UAHC_CL  |c UAHC_CL  |d UAHC_CL 
100 1 |a Espinosa, Carlos 
245 1 0 |a Entre Noé, Santa Elena y Manco Capac :  |b la temporalidad y espacios de Anello Oliva /  |c Carlos Espinosa. 
300 |a [19] p. 
500 |a En: Revista Andina. -- No. 36 (Primer semestre 2003), pp. 83-102 
942 |c BK 
999 |c 141  |d 141